|
|
|
|
| LEADER |
00000nab a2200000 a 4500 |
| 001 |
vtls000733928 |
| 003 |
SK-MaSNL |
| 005 |
20260303235217.0 |
| 008 |
040806s1999 xo 0 slo |
| 015 |
|
|
|a SNBRJ2000/02-00265
|
| 035 |
|
|
|a CLN000086034
|
| 040 |
|
|
|a SNKBUCL
|b slo
|c SNKBUCL
|e AACR2
|
| 041 |
0 |
|
|a slo
|
| 044 |
|
|
|a xo
|c SK
|
| 080 |
|
|
|a 784.66:785.1(086.7)
|2 UDC-MRF-SK2
|
| 080 |
|
|
|a 785.1
|2 UDC-MRF-SK2
|
| 100 |
1 |
|
|a Hečko, Peter,
|d 1949-
|4 skl
|9 111858
|
| 245 |
1 |
0 |
|a Rozlúčka v daždi
|c hudba Peter Hečko ; text Ľuboš Zeman
|h zvukový dokument
|
| 300 |
|
|
|a Stereo
|
| 511 |
|
|
|a Spieva Věra Špinarová
|
| 511 |
|
|
|a Hrá skupina Iva Pavlíka
|
| 650 |
0 |
7 |
|a populárna hudba
|x platne kompaktné
|2 snkbucl
|9 283660
|
| 655 |
|
7 |
|a RZJ
|2 snkbucl
|9 910345
|
| 700 |
1 |
|
|a Zeman, Ľuboš
|4 tex
|9 279475
|
| 700 |
1 |
|
|a Špinarová, Věra,
|d 1951-2017
|4 roz
|9 247364
|
| 710 |
0 |
|
|a Supernova Ivo Pavlíka (hudobná skupina)
|4 uci
|9 162166
|
| 773 |
0 |
|
|w SK01SNK20000339322
|t Ľuboš Zeman. Umenie žiť
|d Bratislava : Sonnica, 1999
|g kompaktná platňa s. 1., skladba 10
|
| 850 |
|
|
|a Slovenská národná knižnica v Martine
|
| 852 |
|
|
|a SNK
|b KIS3GCP
|
| 999 |
|
|
|c 2524607
|d 2526537
|